1600 1943 1770 1709 1276 1853 1317 1274 1300 1999 1034 1345 2000 1847 1565 1721 1578 1869 1557 1848 1432 1506 1441 1718 1031 1895 1917 1849 1290 1952 1466 1019 1335 1392 1466 1725 1941 1648 1010 1122 1081 1107 1256 1915 1652 1402 1538 1162 1310 1765 1794 1675 1721 1116 1688 1773 1256 1767 1837 1059 1547 1606 1884 1958 1322 1971 1213 1852 1969 1665 1207 1424 1318 1977 1872 1643 1498 1503 1017 1576 1184 1457 1191 1331 1276 1816 1433 1947 1430 1906 1960 1720 1798 1839 1684 1155 1961 1265 1921 BCNSPRNW ULIB Ver.6.0+V

เปลี่ยนเป็นภาษาไทย

Change to English
 แสดงรายละเอียดบรรณานุกรม
  กลับหน้าหลัก

Brief Record : Get Marc (ISO 2709) : E-mail record : QR code < ปิดหน้าต่าง
LEADER : 00000nam 2200000uu 4500
001    13399107870
003     ULIB
008    110208s2551||||th 000 0 tha d
020    9789743452529
060 04 WY100.7^bว528ข 2551
100 0  วิจิตรา กุสุมภ์
245 10 ข้อวินิจฉัยการพยาบาลตามรูปแบบของ NANDA =^b(NANDA nursingdiagnosis) /^bวิจิตรา กุสุมภ์, อรุณี เฮงยศมาก
246 31 (NANDA nursing diagnosis)
250    พิมพ์ครั้งที่ 1
260    กรุงเทพฯ :^bบพิธการพิมพ์,^c2551
300    122 หน้า ;^c21 ซม.
650  7 การพยาบาล, การวินิจฉัย
700 0  วิจิตรา กุสุมภ์
700 0  อรุณี เฮงยศมาก
945    ^p100^l0^i024137
945    ^p100^l0^i023652
945    ^p100^l0^i023650
945    ^p100^l0^i023653
945    ^p100^l0^i023651
995    ทศพร
999 ^a ใช้งานได้ทุกระบบ
รายการนี้ยังไม่มีแท็ก
คุณยังไม่ได้ล็อกอิน คุณสามารถมีกิจกรรมร่วมกับเว็บไซต์ได้ แต่ต้องล็อกอินก่อน ::
  ล็อกอิน

รายการสื่อสารสนเทศ

ลำดับที่ ประเภท เลขเรียก/บาร์โค้ด สถานที่ สถานะ
1. Book การพยาบาล
Book การพยาบาล
WY100.7 ว528ข 2551 ฉ.4 
  Barcode: 023653
ห้องสมุดวิทยาเขตนครสวรรค์
►ส่วนจัดเก็บหนังสือเก่า นว.
บนชั้น
  ขอยืม
2. Book การพยาบาล
Book การพยาบาล
WY100.7 ว528ข 2551 ฉ.5 
  Barcode: 024137
ห้องสมุดวิทยาเขตนครสวรรค์
►ส่วนจัดเก็บหนังสือเก่า นว.
บนชั้น
  ขอยืม

รายการใกล้เคียง
    ผู้แต่ง [วิจิตรา กุสุมภ์]

    หัวเรื่อง [การพยาบาล, การวินิจฉัย]

BibComment


ยังไม่เคยถูกคอมเมนท์

คอมเมนท์ทรัพยากรรายการนี้
  คอมเมนท์: ข้อวินิจฉัยการพยา..


 Copyright 2026. Bcnsprnw @Library